000 00304 a2200121 4500
000 nam a22 7a 4500
005 20260207145952.0
020 _a9789348433855
100 _aVasudevsharan Agrawal
_91114364
245 _aPaninikalin Bharatvarsh
260 _bShivalik Prakashan
_c2025
942 _cTEXL
999 _c1678908
_d1678908